Facultad de Odontología.  Biblioteca.  Nodo central                      



header.jpg
Vista normal Vista MARC
  • Aldana Castillo, Karin Elisa

Entrada Nombre personal

Número de registros utilizados en: 2

001 - NÚMERO DE CONTROL

  • campo de control: 9822

003 - IDENTIFICADOR DE NÚMERO DE CONTROL

  • campo de control: OSt

005 - FECHA Y HORA DE LA ÚLTIMA TRANSACCIÓN

  • campo de control: 20240904144918.0

008 - ELEMENTOS DE DATO DE LONGITUD-FIJA

  • campo de control de longitud fija: 240904|| aca||aabn | a|a d

040 ## - FUENTE DE CATALOGACIÓN

  • Centro catalogador/agencia de origen: OSt
  • Centro/agencia transcriptor: OSt

100 ## - ENCABEZAMIENTO-NOMBRE DE PERSONA

  • Nombre de persona: Aldana Castillo, Karin Elisa

670 ## - FUENTE DE DATOS ENCONTRADOS

  • Cita de la fuente: Work cat.: (OSt)3664: Aldana Castillo, Karin Elisa, Aplicación y evaluación de restauraciones con ionómero de vidrio colocadas con la técnica del procedimiento atraumático (Prat) en piezas permanentes de escolares de la Escuela rural ”Rafael Tellez”, del Municipio de Sololá, Depto. de Sololá, estudio longitudinal. Cuatro fases. Año 2010., 2013